| 000 | 00632nam a2200157 a 4500 | ||
|---|---|---|---|
| 008 | 211027s2009 ||||||||||||||||| || u | ||
| 020 | _a9780462099613 | ||
| 050 | _aHF 5438 For | ||
| 100 | _aForsyth , Patrick | ||
| 245 | 1 | 0 |
_a100 Great sales ideas : From leading companies around the world _cBy Patrick Forsyth |
| 260 |
_aUnited Kingdom _bMarshall Cavendish _c2009 |
||
| 300 | _aviii ,214 pages : illustration | ||
| 650 | 0 | _aSELLING | |
| 650 | 0 | _aSUCCESS IN BUSINESS | |
| 995 |
_FCBU-MAIN LIBRARY (Kitwe) _I23.93 _M1 _UAVAILABLE _WOct 27, 2021 _ZMain Library Open Access Collection |
||
| 999 |
_c33045 _d33045 |
||